El plebiscito, el referňdum y la iniciativa popular

Bibliographic Details
Main Author: Henǹdez Licona, Juan Manuel
Format: eBook
Language:Spanish
Published: Ciudad de Mx̌ico: Cm̀ara de Diputados, 2007
Subjects:
Online Access:Acceso restringido

MARC

LEADER 00000nam a22000007a 4500
005 20171010154351.0
007 cr|||| ||||
008 171010s2007 mx |||||s|||| 00||0 spa d
035 |a 20518 
040 |a vLex 
090 |c 7114  |d 7114 
100 1 |a Henǹdez Licona, Juan Manuel 
245 1 |a El plebiscito, el referňdum y la iniciativa popular  |h [Recurso electrn̤ico] /  |c Juan Manuel Henǹdez Licona 
256 |a Servicio en ln̕ea 
260 |a Ciudad de Mx̌ico:  |b Cm̀ara de Diputados,  |c 2007 
300 |a 1 recurso electrn̤ico (52p.)  
506 1 |a Disponible solo en los productos indicados  |d vLex Global  |d vLex Global (Academic Edition, excluding Law Schools)  |d vLex Global (U.S. Academic Edition, Law Schools)  |d vLex Global (U.S. Academic Edition, excluding Law Schools)  |d vLex Global (Academic Edition, Law Schools) 
650 0 4 |a Derecho constitucional  |z Mx̌ico 
740 0 |a vLex Libros (Servicio en ln̕ea) 
856 4 0 |u http://vlex.com/source/plebiscito-referendum-iniciativa-popular-20518  |z Acceso restringido 
942 |c BOOK 
999 0 |a Constitutional law